| 000 | 00405nam a2200145 i 4500 | ||
|---|---|---|---|
| 001 | 81183 | ||
| 003 | ES-MaACL | ||
| 005 | 20230906174402.0 | ||
| 007 | t| | ||
| 008 | 041103s1970 sp ||||1| spa d | ||
| 245 | 0 | 3 | _aEl hombre en el trabajo. |
| 260 |
_a[Oviedo] : _bComisión de Seguridad en la Industria Siderometalúrgica, _c[1970] |
||
| 300 |
_a75 p. ; _c17 cm. |
||
| 852 |
_aES-MaACL _jC-48702 _bR.74425 |
||
| 999 |
_c81183 _d81183 |
||